00631 2200241 4500001002100000005001500021035002000036245007000056100002200126250000600148300003100154700001700185260004800202082000800250084001400258020001800272650001400290990001700304990001700321990001700338990001700355990001700372INLIS00000000000113520190503042352 a0010-05190000261 aMari Mengenal Bumi /cBeni S. Ambarjaya; Penyunting, Agus Mawardi0 aBeni S. Ambarjaya a- a88 hlm. :bilus. ;c25 cm.0 aAgus Mawardi aJakarta :bPT Grafindo Media Pratama,c2006 a550 a550 BEN m a979-758-266-3 aIlmu Bumi a04060/H/2018 a04061/H/2018 a04062/H/2018 a04063/H/2018 a04064/H/2018